| 000 | 00323nam a2200109 4500 | ||
|---|---|---|---|
| 999 |
_c9746 _d9746 |
||
| 008 | 180716b ||||| |||| 00| 0 eng d | ||
| 245 | _aPassage of tax reform bill needed before next budget cycle- DOF. | ||
| 260 |
_aPhilippines _bManila Bulletin _cc2017 |
||
| 300 | _apage B1. | ||
| 650 | 0 |
_928929 _aTaxation. |
|
| 942 |
_2ddc _cPER |
||